| 000 | 00985cam a2200205 4500 | ||
|---|---|---|---|
| 001 | WB3528-17 | ||
| 008 | 000000n1999 000 0 eng u | ||
| 035 | _a(Sirsi) u102163 | ||
| 245 | _aProposals for assisted areas. | ||
| 260 | _c1999 | ||
| 490 |
_aDTI Press Notice _v(612) 15 July 1999 (2) |
||
| 520 | _aThe government has announced the revised Assisted Areas Map, which sets out the areas of Great Britain which will qualify for regional investment grants to help industry. Four areas will get Tier One assistance offering grants of up to 40% on investment and EU Objective One status: Cornwall, Merseyside, South Yorkshire and West Wales & the Valleys. There will be a new third tier of Enterprise grant areas in England, and £45m dedicated to small businesses over the next three years. | ||
| 650 | _aASSISTED AREAS | ||
| 650 | _aCORNWALL | ||
| 650 | _aMERSEYSIDE | ||
| 650 | _aSOUTH YORKSHIRE | ||
| 650 | _aWEST WALES | ||
| 690 | _aECONOMIC AND SOCIAL | ||
| 942 | _n0 | ||
| 999 |
_c61253 _d61253 |
||